00319nam a2200145Ia 45000030006000000080041000060400015000471000025000622450032000872500010001192600009001293000006001385460012001440050017001560STCL150530s9999 xx 000 0 und d aSTCLcSTCL aMackenzie Mure Agnes aWomen in Shakespeares plays aFirst c1924 a0 aEnglish20220125170952.0